00328nam a2200121Ia 4500008004100000041000800041082001200049100001500061245004500076260004800121300003000169365000700199240624s9999 xx 000 0 und d aeng a330 GNE aGNEEZY URI aWHY AXIS HIDDEN MOTIVES AND THE UNDISCOV c2013aNew YorkbRandom House Business Books axi, : 267 : p. : cm. ; 23 cRS